[Event "17. Torneo San Viator 2011"]
[Site "Madrid ESP"]
[Date "2011.10.12"]
[Round "5.8"]
[White "Al-Zarif, Bassam"]
[Black "Lucas Garcia, Pedro"]
[Result "1-0"]
[WhiteElo "1701"]
[BlackElo "1885"]
[PlyCount "91"]
[EventDate "2011.09.25"]
[EventType "swiss"]
[EventRounds "9"]
[EventCountry "ESP"]
[Source "lmi"]
[SourceDate "2011.09.25"]

1. e4 c5 2. Nc3 e6 3. Nf3 Nc6 4. d4 cxd4 5. Nxd4 a6 6. a3 Nf6 7. Nxc6 bxc6 8.
e5 Nd5 9. Ne4 Qc7 10. f4 Qa7 11. c4 Ne3 12. Qd3 Nxf1 13. Rxf1 Be7 14. Nd6+ Bxd6
15. Qxd6 a5 16. f5 Qb8 17. fxe6 dxe6 18. Qxc6+ Bd7 19. Qd6 Qb7 20. Rf2 Ra6 21.
Qd3 O-O 22. Be3 Ba4 23. Rb1 Qc7 24. b3 Rd8 25. Qc3 Bc6 26. Rd1 Raa8 27. Rfd2
Be4 28. Rxd8+ Rxd8 29. Rxd8+ Qxd8 30. Qd4 Qxd4 31. Bxd4 Bc2 32. b4 axb4 33.
axb4 Kf8 34. Kd2 Be4 35. g3 Ke8 36. b5 Kd7 37. Kc3 Kc7 38. Kb4 Bd3 39. c5 Be4
40. c6 Bc2 41. Kc5 Ba4 42. b6+ Kb8 43. Kd6 Kc8 44. b7+ Kb8 45. Bb6 Bb5 46. Bc7+
1-0

[Event "17. Torneo San Viator 2011"]
[Site "Madrid ESP"]
[Date "2011.10.12"]
[Round "5.9"]
[White "Martinez Rubio, Felipe"]
[Black "Cazorla Munoz, Francisco"]
[Result "0-1"]
[WhiteElo "1868"]
[BlackElo "1725"]
[PlyCount "162"]
[EventDate "2011.09.25"]
[EventType "swiss"]
[EventRounds "9"]
[EventCountry "ESP"]
[Source "lmi"]
[SourceDate "2011.09.25"]

1. d4 Nf6 2. Bg5 c5 3. Nf3 Nc6 4. e3 d6 5. c3 Qb6 6. Qb3 Qxb3 7. axb3 Ne4 8.
Bf4 g6 9. d5 Nb8 10. Nbd2 Nxd2 11. Kxd2 Bg7 12. Bd3 O-O 13. e4 Nd7 14. Rhe1 Ne5
15. Nxe5 dxe5 16. Be3 b6 17. Ba6 Bd7 18. f4 Rab8 19. Bd3 a5 20. Kc2 Rfd8 21. g3
Rbc8 22. fxe5 Bxe5 23. Rf1 e6 24. Rf2 exd5 25. exd5 Be8 26. c4 Kg7 27. Raf1 h6
28. Bd2 Rd6 29. Re2 f6 30. Bc3 Bxc3 31. bxc3 Kf7 32. Rfe1 f5 33. Re7+ Kf8 34.
Rh7 h5 35. Ree7 Rcd8 36. Rb7 R8d7 37. Rhxd7 Bxd7 38. Kd2 Ke7 39. Rb8 Be8 40.
Ke3 Bd7 41. Kf4 Kf6 42. Rf8+ Ke7 43. Rb8 Kf6 44. h4 a4 45. b4 cxb4 46. cxb4 b5
47. Ra8 bxc4 48. Bxc4 Rb6 49. Ra6 Rxa6 50. Bxa6 a3 51. Bc4 Bb5 52. Ba2 Bd7 53.
Bc4 Bb5 54. Bb3 Bd3 55. Ba2 Be4 56. b5 Ke7 57. Ke5 Kd7 58. Kd4 Kd6 59. b6 Bc2
60. Kc3 Be4 61. Kb4 Bxd5 62. b7 Bxb7 63. Kxa3 Bd5 64. Bb1 Ke5 65. Kb4 Kd4 66.
Bc2 Ke3 67. Kc5 Be4 68. Bb3 f4 69. gxf4 Kxf4 70. Kd4 Bf5 71. Bd1 Bg4 72. Bc2
Bf5 73. Bd1 Kg3 74. Ke3 Kxh4 75. Kf2 Be4 76. Be2 g5 77. Kg1 g4 78. Bc4 Kg3 79.
Bf7 h4 80. Bc4 h3 81. Bd3 h2+ 0-1

[Event "17. Torneo San Viator 2011"]
[Site "Madrid ESP"]
[Date "2011.10.12"]
[Round "5.10"]
[White "Martin Garcia, Francisco Javier"]
[Black "Sarabia Utrilla, Joaquin"]
[Result "0-1"]
[WhiteElo "1595"]
[BlackElo "1816"]
[PlyCount "80"]
[EventDate "2011.09.25"]
[EventType "swiss"]
[EventRounds "9"]
[EventCountry "ESP"]
[Source "lmi"]
[SourceDate "2011.09.25"]

1. e4 e5 2. Nf3 Nf6 3. d4 Nxe4 4. Bd3 d5 5. Nxe5 Bd6 6. O-O Nd7 7. Nxd7 Bxd7 8.
c4 Qh4 9. g3 Qh3 10. cxd5 Nf6 11. Re1+ Kf8 12. Bf1 Qf5 13. Nc3 Ng4 14. f3 h5
15. Bd3 Qf6 16. Bc2 h4 17. Ne4 Qg6 18. Nxd6 Qh5 19. Qe2 hxg3 20. fxg4 gxh2+ 21.
Kh1 Qxd5+ 22. Ne4 Re8 23. Qg2 Bc6 24. Bf4 Qxd4 25. Bxc7 Qxb2 26. Bd6+ Kg8 27.
Nf6+ gxf6 28. Rxe8+ Kg7 29. Rxh8 Bxg2+ 30. Kxg2 Qxc2+ 31. Kg3 Qc3+ 32. Kxh2
Kxh8 33. Rh1 Kg7 34. Bg3 Qd2+ 35. Kh3 Qxa2 36. Rf1 b5 37. Kh4 b4 38. Kh5 b3 39.
g5 Qe2+ 40. Rf3 Qxf3+ 0-1

[Event "17. Torneo San Viator 2011"]
[Site "Madrid ESP"]
[Date "2011.10.12"]
[Round "5.11"]
[White "Pindado Campos, Raul"]
[Black "Castro Uceda, Jose A"]
[Result "1-0"]
[WhiteElo "1830"]
[BlackElo "1636"]
[PlyCount "47"]
[EventDate "2011.09.25"]
[EventType "swiss"]
[EventRounds "9"]
[EventCountry "ESP"]
[Source "lmi"]
[SourceDate "2011.09.25"]

1. d4 Nf6 2. c4 e6 3. Nc3 Bb4 4. Bg5 Be7 5. Nf3 O-O 6. e3 b6 7. Bd3 Bb7 8. Qc2
g6 9. h4 d5 10. cxd5 Nxd5 11. Nxd5 exd5 12. Bh6 Re8 13. h5 Ba6 14. hxg6 Bxd3
15. gxf7+ Kxf7 16. Qxd3 Nd7 17. Qxh7+ Ke6 18. Qg6+ Nf6 19. Ng5+ Kd7 20. Nf7
Bb4+ 21. Kf1 Qe7 22. Bg5 Ke6 23. Bxf6 Qxf6 24. Ng5+ 1-0

[Event "17. Torneo San Viator 2011"]
[Site "Madrid ESP"]
[Date "2011.10.12"]
[Round "5.12"]
[White "Perez Perez, Elena"]
[Black "Alonso Herrero, Ignacio"]
[Result "1/2-1/2"]
[WhiteElo "1630"]
[BlackElo "1812"]
[PlyCount "76"]
[EventDate "2011.09.25"]
[EventType "swiss"]
[EventRounds "9"]
[EventCountry "ESP"]
[Source "lmi"]
[SourceDate "2011.09.25"]

1. e4 c6 2. d4 d5 3. exd5 cxd5 4. c4 Nc6 5. Nc3 e6 6. Nf3 Nf6 7. Be2 Bb4 8. O-O
dxc4 9. Bxc4 O-O 10. a3 Be7 11. Re1 a6 12. h3 b5 13. Bb3 Bb7 14. d5 exd5 15.
Nxd5 Nxd5 16. Qxd5 Bf6 17. Qd1 Na5 18. Bc2 Nc4 19. Rb1 Qxd1 20. Bxd1 Rfe8 21.
b3 Be4 22. Rxe4 Rxe4 23. bxc4 Rd8 24. Bb3 bxc4 25. Bc2 Re2 26. Ba4 Be7 27. Rb2
Rxb2 28. Bxb2 Rb8 29. Be5 Rb1+ 30. Kh2 Bxa3 31. Nd2 Rb4 32. Bd7 Bc1 33. Bc3
Bxd2 34. Bxd2 Rb2 35. Be3 c3 36. Bf5 Kf8 37. Bd4 Rb5 38. Be4 Rb2 1/2-1/2

[Event "17. Torneo San Viator 2011"]
[Site "Madrid ESP"]
[Date "2011.10.12"]
[Round "5.13"]
[White "Tolosana Esteban, Enrique"]
[Black "Plazuelo Pascual, Juan"]
[Result "1-0"]
[WhiteElo "1806"]
[BlackElo "1610"]
[PlyCount "55"]
[EventDate "2011.09.25"]
[EventType "swiss"]
[EventRounds "9"]
[EventCountry "ESP"]
[Source "lmi"]
[SourceDate "2011.09.25"]

1. e4 c6 2. d4 d5 3. Nc3 dxe4 4. Nxe4 Nd7 5. Bc4 Ngf6 6. f3 e6 7. Ne2 Nxe4 8.
fxe4 Nb6 9. Bb3 c5 10. c3 Be7 11. O-O O-O 12. Be3 cxd4 13. cxd4 Bd7 14. Ng3 Bc6
15. Qg4 Kh8 16. Nh5 g6 17. Nf4 Bg5 18. d5 Bb5 19. Rf3 Bxf4 20. Qxf4 exd5 21.
exd5 f6 22. Qd4 Kg7 23. a4 Bd7 24. Rd1 Bc8 25. g4 Nd7 26. g5 Qe7 27. gxf6+ Nxf6
28. Bg5 1-0

[Event "17. Torneo San Viator 2011"]
[Site "Madrid ESP"]
[Date "2011.10.12"]
[Round "5.14"]
[White "Garcia Velayos, Carlos E"]
[Black "Perez Mondejar, Adler"]
[Result "1/2-1/2"]
[WhiteElo "1775"]
[BlackElo "1398"]
[PlyCount "34"]
[EventDate "2011.09.25"]
[EventType "swiss"]
[EventRounds "9"]
[EventCountry "ESP"]
[Source "lmi"]
[SourceDate "2011.09.25"]

1. Nf3 d5 2. d3 Nc6 3. g3 e5 4. Nbd2 Nf6 5. Bg2 Bc5 6. O-O O-O 7. e4 dxe4 8.
Nxe4 Nxe4 9. dxe4 Bg4 10. c3 Qxd1 11. Rxd1 Rad8 12. Bg5 f6 13. Be3 Bxe3 14.
fxe3 Rxd1+ 15. Rxd1 f5 16. Rd2 fxe4 17. Ne1 Bf5 1/2-1/2

[Event "17. Torneo San Viator 2011"]
[Site "Madrid ESP"]
[Date "2011.10.12"]
[Round "5.15"]
[White "Moreno Zamora, Gregorio"]
[Black "Cortijo Manso, Luis"]
[Result "1-0"]
[WhiteElo "1773"]
[BlackElo "1538"]
[PlyCount "79"]
[EventDate "2011.09.25"]
[EventType "swiss"]
[EventRounds "9"]
[EventCountry "ESP"]
[Source "lmi"]
[SourceDate "2011.09.25"]

1. d4 Nf6 2. c4 c5 3. Nf3 cxd4 4. Nxd4 d6 5. Nc3 a6 6. e4 g6 7. Be2 Bg7 8. Be3
O-O 9. Qd2 Ng4 10. Bxg4 Bxg4 11. f3 Bd7 12. Bh6 Nc6 13. Bxg7 Kxg7 14. h4 Ne5
15. Nde2 Nxc4 16. Qd4+ Kg8 17. Qxc4 b5 18. Qd4 Be6 19. Nf4 Bc4 20. Qe3 e5 21.
Nfd5 Rb8 22. h5 b4 23. hxg6 fxg6 24. Nd1 Bxd5 25. exd5 Qa5 26. Qd2 Rb5 27. Ne3
Rf4 28. b3 Qd8 29. Rc1 Rd4 30. Qf2 Rc5 31. Rxc5 dxc5 32. Qc2 Qg5 33. Ke2 Qe7
34. Rc1 e4 35. Qxc5 exf3+ 36. gxf3 Qe5 37. Qc8+ Kg7 38. Qc7+ Qxc7 39. Rxc7+ Kh6
40. Rc4 1-0

[Event "17. Torneo San Viator 2011"]
[Site "Madrid ESP"]
[Date "2011.10.12"]
[Round "5.17"]
[White "Navarro Gonzalez, Jaime"]
[Black "Rodriguez Alonso, Marcos"]
[Result "1-0"]
[WhiteElo "1800"]
[BlackElo "1540"]
[PlyCount "105"]
[EventDate "2011.09.25"]
[EventType "swiss"]
[EventRounds "9"]
[EventCountry "ESP"]
[Source "lmi"]
[SourceDate "2011.09.25"]

1. e4 e5 2. Nf3 Nc6 3. d4 exd4 4. Nxd4 Bc5 5. Nxc6 Qf6 6. Qd2 dxc6 7. Bc4 Ne7
8. O-O O-O 9. Qg5 Qd4 10. Bd3 f6 11. Qh5 Qe5 12. Bc4+ Kh8 13. Qxe5 fxe5 14. Nd2
Ng6 15. Nb3 Bb6 16. a4 a5 17. Bg5 h6 18. Bd2 Bd7 19. Rad1 Bg4 20. Ra1 Rad8 21.
Bxa5 Nf4 22. Bxb6 cxb6 23. f3 Bc8 24. Rfd1 Be6 25. Bxe6 Nxe6 26. a5 b5 27. Rxd8
Rxd8 28. a6 bxa6 29. Rxa6 Rc8 30. Na5 Nd8 31. c4 bxc4 32. Nxc4 Nf7 33. Ra5 Re8
34. Ra7 Kg8 35. Rxf7 Kxf7 36. Nd6+ Ke7 37. Nxe8 Kxe8 38. Kf2 Ke7 39. Ke3 Kd6
40. f4 c5 41. f5 c4 42. g4 Kc5 43. h4 Kb4 44. Kd2 Kb3 45. Kc1 c3 46. bxc3 Kxc3
47. g5 hxg5 48. hxg5 Kd4 49. f6 gxf6 50. gxf6 Kxe4 51. f7 Kd3 52. f8=Q e4 53.
Qf1+ 1-0

[Event "17. Torneo San Viator 2011"]
[Site "Madrid ESP"]
[Date "2011.10.12"]
[Round "5.18"]
[White "Soto Martin, Miguel"]
[Black "Pindado Del Carmen, Eliseo"]
[Result "0-1"]
[WhiteElo "1411"]
[BlackElo "1655"]
[PlyCount "86"]
[EventDate "2011.09.25"]
[EventType "swiss"]
[EventRounds "9"]
[EventCountry "ESP"]
[Source "lmi"]
[SourceDate "2011.09.25"]

1. d4 d5 2. c4 Nf6 3. Nf3 dxc4 4. e3 a6 5. Bxc4 e6 6. O-O Be7 7. b3 b5 8. Bd3
Bb7 9. Nbd2 Nc6 10. a3 Nd5 11. Bb2 Nf6 12. Qc2 Nb8 13. Rac1 Bd6 14. e4 Bf4 15.
e5 Bxd2 16. Nxd2 Nd5 17. Ne4 Nd7 18. Nc3 N7b6 19. Bxh7 Qh4 20. Nxd5 Nxd5 21. h3
Rxh7 22. Rce1 Rh6 23. Bc1 Rg6 24. Qe4 Qxh3 25. g3 Rb8 26. Qg2 Qxg2+ 27. Kxg2
Ne3+ 28. Kg1 Nxf1 29. Kxf1 Kd7 30. Bd2 Rh8 31. Ke2 Bd5 32. b4 Rg4 33. Rg1 Rxd4
34. f3 Rh2+ 35. Ke3 Rdxd2 36. Re1 Bc4 37. Kf4 Rd3 38. Kg4 Bd5 39. Rf1 Rxa3 40.
f4 Rg2 41. Rd1 Rgxg3+ 42. Kh4 Rh3+ 43. Kg4 Rag3# 0-1

[Event "17. Torneo San Viator 2011"]
[Site "Madrid ESP"]
[Date "2011.10.12"]
[Round "5.22"]
[White "Soto Martin, Pablo"]
[Black "Brasa Olmos, Joaquin"]
[Result "1/2-1/2"]
[WhiteElo "1641"]
[BlackElo "1583"]
[PlyCount "96"]
[EventDate "2011.09.25"]
[EventType "swiss"]
[EventRounds "9"]
[EventCountry "ESP"]
[Source "lmi"]
[SourceDate "2011.09.25"]

1. e4 c6 2. d4 d5 3. Nc3 dxe4 4. Nxe4 Bf5 5. Ng3 Bg6 6. Bc4 Nf6 7. N1e2 h6 8.
O-O e6 9. f4 Nd5 10. f5 exf5 11. Nxf5 Nd7 12. Neg3 N7f6 13. Re1+ Kd7 14. Bb3
Bxf5 15. Nxf5 g6 16. Ne3 Kc7 17. Qf3 Be7 18. Nxd5+ Nxd5 19. Qxf7 Rf8 20. Qxg6
Rf6 21. Qg7 Qd6 22. Bxd5 Re8 23. Bf3 Kd8 24. c3 Rg6 25. Qe5 Qxe5 26. Rxe5 Rf8
27. Rh5 Rxf3 28. Rxh6 Rff6 29. Rxg6 Rxg6 30. Bf4 Kd7 31. Re1 a5 32. Re5 b5 33.
d5 Bc5+ 34. Kf1 Bd6 35. dxc6+ Kxc6 36. Rf5 Bc5 37. Rh5 Rg8 38. Rh6+ Kd5 39.
Rh5+ Kc6 40. Bc7 Rf8+ 41. Ke2 Rf2+ 42. Kd1 Rxg2 43. Bxa5 Rxb2 44. Rh6+ Kd5 45.
h4 Rxa2 46. Bd8 Be3 47. Rh5+ Kc4 48. Bf6 Rd2+ 1/2-1/2

[Event "17. Torneo San Viator 2011"]
[Site "Madrid ESP"]
[Date "2011.10.12"]
[Round "5.23"]
[White "Garcia-Ines Sanchez, Gustavo"]
[Black "Garcia Rojas, Juan Carlos"]
[Result "0-1"]
[WhiteElo "1633"]
[BlackElo "1565"]
[PlyCount "74"]
[EventDate "2011.09.25"]
[EventType "swiss"]
[EventRounds "9"]
[EventCountry "ESP"]
[Source "lmi"]
[SourceDate "2011.09.25"]

1. e4 e5 2. Nf3 d6 3. Bc4 Bg4 4. d3 h6 5. Nc3 c6 6. Bd2 Be7 7. a3 Nd7 8. b4 Nb6
9. Bb3 Nf6 10. Ne2 Bxf3 11. gxf3 d5 12. Rg1 g5 13. Ng3 Qd7 14. Nf5 O-O-O 15. a4
a6 16. b5 cxb5 17. Ba5 Bc5 18. axb5 dxe4 19. fxe4 Qxb5 20. Bc4 Nxc4 21. Bxd8
Bb4+ 22. Ke2 Rxd8 23. Qf1 Nxe4 24. Qh3 Nc3+ 25. Kf1 Nd2+ 26. Ke1 Kb8 27. Kxd2
Qc5 28. Qe3 Nd5+ 29. Ke2 Qxc2+ 30. Kf3 Nxe3 31. Nxe3 Qxd3 32. Rgd1 e4+ 33. Kg2
Bd2 34. Ra2 Qe2 35. h3 Qf3+ 36. Kh2 Qxf2+ 37. Ng2 Bf4+ 0-1

[Event "17. Torneo San Viator 2011"]
[Site "Madrid ESP"]
[Date "2011.10.16"]
[Round "6.1"]
[White "Ruiz Sanchez, Roberto"]
[Black "Cano Cabanillas, Javier"]
[Result "1/2-1/2"]
[WhiteElo "1965"]
[BlackElo "1948"]
[PlyCount "101"]
[EventDate "2011.09.25"]
[EventType "swiss"]
[EventRounds "9"]
[EventCountry "ESP"]
[Source "lmi"]
[SourceDate "2011.09.25"]

1. e4 e6 2. d4 d5 3. Nd2 Nf6 4. e5 Nfd7 5. Bd3 c5 6. c3 Nc6 7. Ne2 cxd4 8. cxd4
f6 9. exf6 Nxf6 10. O-O Bd6 11. Nf3 O-O 12. Bf4 Bxf4 13. Nxf4 Ne4 14. Qc1 Ng5
15. Nxg5 Qxg5 16. Bxh7+ Kxh7 17. Nxe6 Qxc1 18. Nxf8+ Kg8 19. Raxc1 Kxf8 20.
Rfd1 Be6 21. h3 Ke7 22. Rc3 Rf8 23. Rb3 b6 24. Rg3 Rf7 25. Rg6 Kd7 26. g4 Re7
27. f4 Bg8 28. Rg5 Ke8 29. Rc1 Nxd4 30. Rc8+ Kd7 31. Rxg8 Nf3+ 32. Kf2 Nxg5 33.
fxg5 d4 34. Rf8 d3 35. Rf3 Re2+ 36. Kf1 Rxb2 37. Rxd3+ Ke6 38. Re3+ Kf7 39. Re2
Rb5 40. h4 Rb4 41. Rg2 g6 42. Kf2 Ra4 43. Kf3 Ra3+ 44. Kf4 Ra4+ 45. Ke5 Ra3 46.
Rd2 Ra5+ 47. Kd6 Ra4 48. Rg2 Re4 49. Kd5 Ra4 50. Kd6 Rf4 51. Ke5 1/2-1/2

[Event "17. Torneo San Viator 2011"]
[Site "Madrid ESP"]
[Date "2011.10.16"]
[Round "6.2"]
[White "Cabanas Jimenez, Andres"]
[Black "Garcia-Ruiz Fuentes, Marcos"]
[Result "1-0"]
[WhiteElo "2229"]
[BlackElo "1801"]
[PlyCount "87"]
[EventDate "2011.09.25"]
[EventType "swiss"]
[EventRounds "9"]
[EventCountry "ESP"]
[Source "lmi"]
[SourceDate "2011.09.25"]

1. e4 c5 2. Nc3 d6 3. g3 g6 4. Bg2 Bg7 5. d3 e5 6. Be3 Ne7 7. Qd2 h5 8. f4 Nbc6
9. Nf3 Nd4 10. h3 Nec6 11. Nd1 Nb4 12. Bxd4 exd4 13. O-O Qc7 14. c3 Nc6 15.
cxd4 Nxd4 16. Nc3 Be6 17. Ng5 O-O-O 18. Rac1 a5 19. Rce1 Bh6 20. h4 Bxg5 21.
fxg5 b5 22. Ne2 Nc6 23. a3 d5 24. Nf4 Ne7 25. Qf2 dxe4 26. Rc1 c4 27. Bxe4 Bf5
28. dxc4 b4 29. Bd5 b3 30. Rfe1 Nc6 31. Qc5 Rd6 32. Re3 Bc2 33. Rce1 Rhd8 34.
Ne2 f5 35. Nc3 Na7 36. Qd4 Nc6 37. Qf4 Na7 38. Re7 Qc5+ 39. Kh2 Be4 40. R7xe4
fxe4 41. Nxe4 Qb6 42. c5 Qa6 43. Nxd6+ Rxd6 44. Qxd6 1-0

[Event "17. Torneo San Viator 2011"]
[Site "Madrid ESP"]
[Date "2011.10.16"]
[Round "6.3"]
[White "Cabanas Bravo, Juan Andres"]
[Black "Barahona Torrijos, Angel"]
[Result "1-0"]
[WhiteElo "2065"]
[BlackElo "1902"]
[PlyCount "69"]
[EventDate "2011.09.25"]
[EventType "swiss"]
[EventRounds "9"]
[EventCountry "ESP"]
[Source "lmi"]
[SourceDate "2011.09.25"]

1. e4 e5 2. c3 Nc6 3. d4 d5 4. Bb5 exd4 5. Qxd4 Bd7 6. Qxd5 Nf6 7. Qd3 Bc5 8.
Nf3 Ng4 9. O-O O-O 10. Bf4 Qe8 11. a4 a6 12. Bc4 Na5 13. Ba2 Bxa4 14. b4 Nxf2
15. Rxf2 Bxf2+ 16. Kxf2 Rd8 17. Qe3 Nb3 18. Bxb3 Bxb3 19. Nbd2 Bc2 20. Bxc7 Rd3
21. Qf4 Qd7 22. Be5 f5 23. Qg3 Rxd2+ 24. Nxd2 Qxd2+ 25. Kg1 g6 26. exf5 Rxf5
27. Bd4 Qf4 28. Qe1 Be4 29. Ra2 Bd5 30. Rf2 Qe4 31. Re2 Qf4 32. Re8+ Rf8 33.
Bc5 Rxe8 34. Qxe8+ Kg7 35. Bd4+ 1-0

[Event "17. Torneo San Viator 2011"]
[Site "Madrid ESP"]
[Date "2011.10.16"]
[Round "6.4"]
[White "Cazorla Munoz, Francisco"]
[Black "Andalon Gomez, Carlos J"]
[Result "1-0"]
[WhiteElo "1725"]
[BlackElo "2052"]
[PlyCount "71"]
[EventDate "2011.09.25"]
[EventType "swiss"]
[EventRounds "9"]
[EventCountry "ESP"]
[Source "lmi"]
[SourceDate "2011.09.25"]

1. e4 c6 2. d4 d5 3. Nd2 dxe4 4. Nxe4 Nd7 5. Nf3 Ngf6 6. Ng3 e6 7. Bd3 Be7 8.
O-O O-O 9. Re1 c5 10. c3 Qc7 11. c4 Rd8 12. d5 Nf8 13. Ne4 exd5 14. Nxf6+ Bxf6
15. cxd5 b6 16. Qb3 Bb7 17. Bc4 Qd6 18. Rd1 Ne6 19. g3 Nd4 20. Nxd4 Bxd4 21.
Bf4 Qf6 22. Rxd4 Qxd4 23. Rd1 Qe4 24. f3 Qf5 25. Kf2 g5 26. Bc7 Rd7 27. d6 Bc6
28. Re1 g4 29. f4 Rc8 30. Re5 Qf6 31. Qc3 Rxd6 32. Bxd6 Qxd6 33. Rg5+ Kf8 34.
Qg7+ Ke7 35. Qxf7+ Kd8 36. Rg8+ 1-0

[Event "17. Torneo San Viator 2011"]
[Site "Madrid ESP"]
[Date "2011.10.16"]
[Round "6.5"]
[White "Lianes Garcia, Marcos"]
[Black "Rosa Ramirez, Victor D"]
[Result "0-1"]
[WhiteElo "1430"]
[BlackElo "1952"]
[PlyCount "138"]
[EventDate "2011.09.25"]
[EventType "swiss"]
[EventRounds "9"]
[EventCountry "ESP"]
[Source "lmi"]
[SourceDate "2011.09.25"]

1. e4 e6 2. d4 d5 3. e5 c5 4. c3 Qb6 5. Nf3 Nc6 6. Bd3 cxd4 7. cxd4 Nb4 8. Nc3
Nxd3+ 9. Qxd3 Bd7 10. O-O Bb4 11. Rd1 Rc8 12. Bd2 Ne7 13. Rac1 O-O 14. Ng5 Nf5
15. Be3 Bxc3 16. bxc3 Bb5 17. Qc2 g6 18. Qd2 Rc4 19. g4 Nxe3 20. Qxe3 Kg7 21.
Qf4 Qd8 22. Rd3 h6 23. Nh3 Ra4 24. Rd2 Bc4 25. Ra1 Ra3 26. Qe3 Qa5 27. Rc2 Bxa2
28. Qf3 Bb3 29. Qf6+ Kg8 30. Rxa3 Qxa3 31. Re2 Qc1+ 32. Kg2 Bc4 33. Re3 Bf1+
34. Kg3 Bxh3 35. Kxh3 a5 36. Qe7 b5 37. Qc5 Qf1+ 38. Kg3 Qc4 39. Qa3 a4 40. h4
Rc8 41. Rf3 Qc7 42. Qb4 Qd7 43. Kg2 Rc4 44. Qa3 Qc7 45. Kh2 Qd8 46. Kg3 Qf8 47.
Qb2 b4 48. Kg2 a3 49. Qb3 Rxc3 50. Rxc3 bxc3 51. Qxc3 Qa8 52. f4 a2 53. Qa1 Qa3
54. h5 gxh5 55. f5 exf5 56. gxf5 Qb3 57. e6 fxe6 58. fxe6 Qb1 59. Qc3 a1=Q 60.
Qg3+ Kh7 61. Qc7+ Kg6 62. Qf7+ Kg5 63. Qe7+ Kf4 64. Qh4+ Ke3 65. Qf2+ Kd3 66.
Qf3+ Kxd4 67. Qf2+ Kc4 68. e7 Qh1+ 69. Kg3 Qg7+ 0-1

[Event "17. Torneo San Viator 2011"]
[Site "Madrid ESP"]
[Date "2011.10.16"]
[Round "6.6"]
[White "Al-Zarif, Bassam"]
[Black "Jimenez Elices, Jose Maria"]
[Result "1/2-1/2"]
[WhiteElo "1701"]
[BlackElo "1930"]
[PlyCount "148"]
[EventDate "2011.09.25"]
[EventType "swiss"]
[EventRounds "9"]
[EventCountry "ESP"]
[Source "lmi"]
[SourceDate "2011.09.25"]

1. e4 e6 2. Qe2 c5 3. Nf3 Nc6 4. c3 d5 5. d3 d4 6. Na3 e5 7. Nc4 Qc7 8. a4 Be7
9. g3 Be6 10. Bg2 Nf6 11. O-O O-O 12. Re1 Nd7 13. Ng5 Bxc4 14. dxc4 Na5 15. Qh5
Nf6 16. Qe2 Nb3 17. Ra3 Nxc1 18. Rxc1 h6 19. Nf3 Rfe8 20. Ne1 a6 21. Nd3 Rab8
22. cxd4 cxd4 23. Raa1 a5 24. Rab1 Nd7 25. b3 Nc5 26. Nxc5 Bxc5 27. Qd3 Bb4 28.
Rc2 Re6 29. Bh3 Rc6 30. Rbb2 Bc3 31. Rb1 Rb6 32. Ra2 Rd8 33. Kf1 Rdd6 34. Ke2
Rf6 35. Kf1 Rb4 36. Ke2 Qb6 37. Ra3 Rc6 38. Bd7 Rcxc4 39. Bb5 Rc5 40. Ra2 Rbxb5
41. axb5 Rxb5 42. Qd1 Rb4 43. Ra3 Qc6 44. Qd3 Qe6 45. Rxa5 Rxb3 46. Rxb3 Bxa5
47. Rxb7 Qa2+ 48. Kf1 Bc3 49. Rb1 Qa8 50. Qf3 Qc8 51. Kg2 Qd8 52. Rb5 d3 53.
Rd5 Qe7 54. Rxd3 Bd4 55. Rb3 g6 56. h4 h5 57. Qe2 Qf6 58. Rf3 Qc6 59. Qd3 f5
60. exf5 e4 61. Qb3+ Kg7 62. f6+ Bxf6 63. Rxf6 Kxf6 64. Qe3 Qd5 65. Qf4+ Ke6
66. Qe3 Qd3 67. Qf4 Qe2 68. Qe3 Qxe3 69. fxe3 Kf5 70. Kh3 g5 71. g4+ hxg4+ 72.
Kg3 gxh4+ 73. Kxh4 g3 74. Kxg3 Kg5 1/2-1/2

[Event "17. Torneo San Viator 2011"]
[Site "Madrid ESP"]
[Date "2011.10.16"]
[Round "6.7"]
[White "Del Castillo Lopez, Rafael"]
[Black "Pindado Campos, Raul"]
[Result "0-1"]
[WhiteElo "1757"]
[BlackElo "1830"]
[PlyCount "124"]
[EventDate "2011.09.25"]
[EventType "swiss"]
[EventRounds "9"]
[EventCountry "ESP"]
[Source "lmi"]
[SourceDate "2011.09.25"]

1. Nf3 d5 2. d4 Bf5 3. e3 Nf6 4. Bd3 Bxd3 5. Qxd3 Nbd7 6. c4 e6 7. cxd5 exd5 8.
Nc3 c6 9. Bd2 Bd6 10. a3 Qc7 11. O-O Ng4 12. g3 O-O-O 13. b4 a6 14. Rfc1 Ngf6
15. b5 Nb8 16. bxa6 bxa6 17. Na4 Kd7 18. Nc5+ Bxc5 19. Ne5+ Ke6 20. Rxc5 Ne4
21. Rc2 Nxd2 22. Qxd2 f6 23. Nd3 Kf7 24. Nc5 Qc8 25. Qa5 h5 26. h4 g5 27. hxg5
h4 28. Qb6 Qh3 29. Qc7+ Kg6 30. Ne6 Qxe6 31. gxf6 Kxf6 32. Qf4+ Qf5 33. Qxf5+
Kxf5 34. gxh4 Rxh4 35. Kg2 Rg8+ 36. Kf3 Rh3+ 37. Ke2 Ke6 38. Kd3 Kd6 39. Kc3
Nd7 40. Rb1 Kc7 41. Rbc1 Nb6 42. Kb4 Nc4 43. a4 a5+ 44. Kc3 Rh2 45. Kd3 Rb8 46.
e4 Rb4 47. exd5 cxd5 48. Ra1 Kd6 49. Ke2 Rh4 50. Kf3 Rxd4 51. Re2 Ne5+ 52. Kg3
Rxa4 53. Rea2 Rxa2 54. Rxa2 a4 55. f4 Nd7 56. Kg4 Ke6 57. Kg5 Nc5 58. f5+ Kf7
59. Rc2 Ne4+ 60. Kf4 Rc4 61. Rxc4 dxc4 62. Kxe4 a3 0-1

[Event "17. Torneo San Viator 2011"]
[Site "Madrid ESP"]
[Date "2011.10.16"]
[Round "6.8"]
[White "Sarabia Utrilla, Joaquin"]
[Black "Pardo Vaquero, Ignacio"]
[Result "0-1"]
[WhiteElo "1816"]
[BlackElo "1752"]
[PlyCount "68"]
[EventDate "2011.09.25"]
[EventType "swiss"]
[EventRounds "9"]
[EventCountry "ESP"]
[Source "lmi"]
[SourceDate "2011.09.25"]

1. d4 Nf6 2. c4 c5 3. d5 b5 4. b3 d6 5. Nd2 g6 6. Bb2 Bg7 7. Ngf3 O-O 8. e4
bxc4 9. Bxc4 Bb7 10. O-O Nbd7 11. Re1 a5 12. Rb1 Ra7 13. Nh4 Qa8 14. f4 Rb8 15.
f5 a4 16. fxg6 hxg6 17. e5 Nxd5 18. e6 Bxb2 19. exf7+ Kxf7 20. Rxb2 N7f6 21.
Qe2 Bc8 22. Ne4 Bg4 23. Ng5+ Kg7 24. Qc2 Bh5 25. Ne6+ Kh7 26. Bd3 Rg8 27. Ng5+
Kh6 28. Nf5+ gxf5 29. Qd2 f4 30. Ne6 axb3 31. Nxf4 Nxf4 32. Qxf4+ Kg7 33. Rxb3
Rxa2 34. Bc4 Qxg2# 0-1

[Event "17. Torneo San Viator 2011"]
[Site "Madrid ESP"]
[Date "2011.10.16"]
[Round "6.11"]
[White "Lucas Garcia, Pedro"]
[Black "Perez Perez, Elena"]
[Result "1/2-1/2"]
[WhiteElo "1885"]
[BlackElo "1630"]
[PlyCount "36"]
[EventDate "2011.09.25"]
[EventType "swiss"]
[EventRounds "9"]
[EventCountry "ESP"]
[Source "lmi"]
[SourceDate "2011.09.25"]

1. e4 e5 2. Nc3 Nf6 3. f4 d5 4. fxe5 Nxe4 5. Nf3 Be7 6. Qe2 Nxc3 7. dxc3 Nc6 8.
Bf4 Be6 9. O-O-O Qd7 10. Qf2 O-O-O 11. Bb5 a6 12. Ba4 Bg4 13. Rd2 Bxf3 14. gxf3
Qf5 15. Qg3 g5 16. Be3 Nxe5 17. Bb3 Nc4 18. Bxc4 dxc4 1/2-1/2